000 00389nam a22001457a 4500
003 SGT
082 _a617.3
_bE21S
100 _aSINGH, SOURAV
245 _aEFFECTS OF CLOSE KINETIC CHAIN IN EXERCISES ON ANKLE KINEMATICS IN PATIENTS WITH ACHILLES TENDINOPATHY
260 _aGURUGRAM
_bSGT UNIVERSITY
_c2021
300 _a71
650 _aORTHOPAEDICS
653 _aMPT
942 _2ddc
_cTH
999 _c32208
_d32208